| 000 | 02476 a2200241 4500 | ||
|---|---|---|---|
| 001 | 30173 | ||
| 005 | 20260407155613.0 | ||
| 008 | 260407a2005 arg spa d | ||
| 003 | AR-UNSa-BCEJYS | ||
| 040 |
_aAR-UNSa-BCEJYS _bspa _cAR-UNSa-BCEJYS |
||
| 080 |
_a338.43 _xAgricultura como una rama de la economía. Economía de los productos alimenticios |
||
| 245 | 1 | 0 |
_aAcerca de la globalización en la agricultura _pterritorios, empresas y desarrollo local en América Latina |
| 020 | _a987-9355-21-0 | ||
| 264 | 1 |
_aBuenos Aires : _bEdiciones CICCUS _c2005 |
|
| 300 |
_a282 p. _c22 cm. |
||
| 505 | _a1. Homogeneización, conflictos e identidades / Josefa Salete Barboza Cavalcanti y Otros - 2. Algunas reflexiones sobre la economía política agraria de fines del siglo XX / Frederick H. Buttel - 3. La persistencia de la pequeña producción mercantil en un puebo rural de Argentina: factores favorables y factores limitantes / Miguel Murmis y Silvio Feldman - 4. La inserción de las economías rurales en el proceso de globalización.El caso de la provincia de Ñube en Chile / M. Julia Fawaz Yissi y Ana María Silva - 5. Entre las exigencias de los mercados y el control de los trabajadores / Josefa Salete Barbosa Cavalcanti y Otros - 6. Estado, desarrollo y organizaciones locales de productores en México / Humberto González - 7. Cooperativismo, globalizacão e competitividade. Impacto regionais e locais / Maria Luiza Lins e Silva Pires - 8. Fruticultura e emprego: o caso do Platô de Neópolis, Brasil / Dalva María Mota - 9. Integración agroalimentaria. Trayectorias empresariales comparadas en la fruticultura argentina de exportación / Mónica Isabel Bendini y Norma Graciela Steimbreger - 10. Estrategias empresarias y trasnacionalización de la vitivinicultura en la Argentina / Guillermo Neiman y Adriana Ester Bocco - 11. Nuevos actores y dinámicas territoriales en el complejo oleaginoso del sur de la provincia de Buenos Aires / Silvia Gorenstein y Otros - 12. De la producción extensiva a los feeddlots: cambios en la organización productiva y comercial de los sistemas ganaderos en la Argentina / Carlos Iorio y Mirna Moscairo | ||
| 041 | _aspa | ||
| 942 | _cBK | ||
| 590 | _aniveau_biblio:m niveau_hierar:0 | ||
| 100 | 1 | _aCavalcanti, Josefa Salete Barbosa | |
| 700 | 1 | _aNeiman, Guillermo | |
| 856 | 4 | 1 |
_uhttps://biblioeco.unsa.edu.ar/pmb/images/libros/Acerca de la Globalizacion en la Agricultura-l116804.jpg _yImagen de portada _qimage/jpeg |
| 999 |
_c2041 _d2041 |
||